[Event "Barcelona Sant Marti op-A 22nd"]
[Site "Barcelona"]
[Date "2022.07.18"]
[Round "6"]
[White "Greeshma, Anand Dhumal"]
[Black "Bottazzi, Ulysse"]
[Result "0-1"]
[WhiteElo "1749"]
[BlackElo "2140"]
[PlyCount "90"]
[EventDate "2022.07.13"]
[EventType "swiss"]
[EventRounds "9"]
[EventCountry "ESP"]
[SourceTitle "CBM 209 Extra"]
[Source "ChessBase"]
[SourceDate "2022.09.30"]
[SourceVersion "1"]
[SourceVersionDate "2022.09.30"]
[SourceQuality "1"]

1. e4 c5 2. Nc3 Nc6 3. f4 g6 4. Nf3 Bg7 5. Bb5 Nd4 6. 0-0 e6 7. d3 Ne7 8. a4 0-0 9. Kh1 d5 10. a5 a6 11. Ba4 Qxa5 12. Bd2 Qd8 13. e5 Nxf3 14. Qxf3 Rb8 15. Ne2 b5 16. Bb3 f6 17. exf6 Bxf6 18. c3 Nf5 19. Ng3 Bb7 20. Qf2 Nxg3+ 21. hxg3 c4 22. Bc2 e5 23. d4 e4 24. g4 Bc8 25. Qe2 Bg7 26. g3 Qd7 27. Kg2 Rb6 28. Bd1 h5 29. Rh1 hxg4 30. Kg1 b4 31. Ba4 Qe7 32. Rf1 bxc3 33. Bxc3 g5 34. Rh5 gxf4 35. gxf4 Rf5 36. Qxg4 Qf7 37. Rxf5 Bxf5 38. Qh4 Rg6+ 39. Kf2 Bf6 40. Qh2 Qg7 41. Bc6 Bxd4+ 42. Ke1 Bxc3+ 43. bxc3 Qxc3+ 44. Qd2 Qxd2+ 45. Kxd2 Rxc6 0-1

[Event "Barcelona Sant Marti op-A 22nd"]
[Site "Barcelona"]
[Date "2022.07.15"]
[Round "3"]
[White "Greeshma, Anand Dhumal"]
[Black "Munoz Pantoja, Miguel Angel"]
[Result "0-1"]
[WhiteElo "1749"]
[BlackElo "2408"]
[PlyCount "92"]
[EventDate "2022.07.13"]
[EventType "swiss"]
[EventRounds "9"]
[EventCountry "ESP"]
[SourceTitle "CBM 209 Extra"]
[Source "ChessBase"]
[SourceDate "2022.09.30"]
[SourceVersion "1"]
[SourceVersionDate "2022.09.30"]
[SourceQuality "1"]

1. d4 Nf6 2. c4 g6 3. Nc3 Bg7 4. e4 0-0 5. Nf3 d6 6. Be2 e5 7. d5 a5 8. h3 Nh5 9. Be3 Nf4 10. 0-0 Nxe2+ 11. Qxe2 f5 12. exf5 gxf5 13. Ne1 f4 14. Bd2 Bf5 15. Ne4 Qe8 16. Kh2 Qg6 17. f3 Nd7 18. Nd3 Nf6 19. Nxf6+ Rxf6 20. Nf2 Qg3+ 21. Kh1 Rg6 22. Ne4 Qh4 23. Rac1 b6 24. b3 Kh8 25. a3 Rg8 26. Qe1 Qh5 27. Qe2 Bf8 28. Rf2 Be7 29. Qf1 Bh4 30. Re2 Bxh3 31. gxh3 Rg1+ 32. Qxg1 Rxg1+ 33. Kxg1 Qxf3 34. Nc3 Qd3 35. Be1 f3 36. Re4 Bxe1 37. Rexe1 Qd2 38. Ne2 Qe3+ 39. Kf1 fxe2+ 40. Kg2 e4 41. Rb1 Kg7 42. Kh2 Qf2+ 43. Kh1 Kh6 44. Rg1 Kh5 45. b4 Kh4 46. Rbe1 Kxh3 0-1

[Event "Barcelona Sant Marti op-B 21st"]
[Site "Barcelona"]
[Date "2019.07.16"]
[Round "4"]
[White "Greeshma, Anand Dhumal"]
[Black "Corominas Garrido, Jordi"]
[Result "1-0"]
[WhiteElo "1563"]
[BlackElo "1784"]
[PlyCount "53"]
[EventDate "2019.07.13"]
[EventType "swiss"]
[EventRounds "9"]
[EventCountry "ESP"]
[SourceTitle "EXT 2020"]
[Source "ChessBase"]
[SourceDate "2019.10.17"]
[SourceVersion "1"]
[SourceVersionDate "2019.10.17"]
[SourceQuality "1"]

1. d4 e6 2. c4 f5 3. g3 Nf6 4. Bg2 c6 5. Nc3 d5 6. Nf3 Bd6 7. b3 Bb4 8. Bd2 0-0 9. 0-0 b6 10. Ne5 Bb7 11. e3 Nbd7 12. Nxd5 cxd5 13. Bxb4 Re8 14. Nd3 Ne4 15. f3 dxc4 16. bxc4 Nef6 17. Rc1 Rc8 18. Re1 Nb8 19. Ne5 Nfd7 20. Nxd7 Qxd7 21. e4 Nc6 22. Bc3 Ne7 23. Bb2 Red8 24. d5 fxe4 25. fxe4 Ng6 26. Bh3 Nf8 27. Ba3 1-0